00298pab a2200109 454500008004000000100002000040245004500060260000900105300001100114650002200125773004100147180718b1986 xxu||||| |||| 00| 0 eng d aNogami, Glenday aMilitary psychologybApplicable Research c1986 a461-63 aMilitary Research aJournal of Applied Social Psychology